| 000 | 00892nam a2200229Ia 4500 | ||
|---|---|---|---|
| 001 | 9016 | ||
| 003 | GE_BSU | ||
| 008 | 181216s||||||||xx |||||||||||||| ||und|| | ||
| 040 | _cGE_BSU | ||
| 080 | _a821.353.1–32+821.353.1-31 | ||
| 100 | _aკლდიაშვილი,სერგო | ||
| 245 | _aახლობელი და შორეული | ||
| 245 | _bმოთხრობები. რომანი. მოგონებანი | ||
| 245 | _cრედ.ნ.ჟღენტი.მხატვ.გ.მდინარაძე | ||
| 260 | _aთბილისი | ||
| 260 | _bსაბჭოთა საქართველო | ||
| 260 | _c1964 | ||
| 300 | _a445გვ.20სმ. | ||
| 653 | _aახლობელი და შორეული | ||
| 653 | _aმოთხრობები. რომანი. მოგონებანი | ||
| 942 | _cBK | ||
| 999 |
_c42321 _d42321 |
||